Normal view
MARC view
Entry Topical Term
001 - CONTROL NUMBER
- control field: 263066
003 - CONTROL NUMBER IDENTIFIER
- control field: OSt
005 - DATE AND TIME OF LATEST TRANSACTION
- control field: 20260428144055.0
008 - FIXED-LENGTH DATA ELEMENTS
- fixed length control field: 260428|| aca||aabn | a|a d
040 ## - CATALOGING SOURCE
- Original cataloging agency: OSt
- Transcribing agency: OSt
150 ## - HEADING--TOPICAL TERM
- Topical term or geographic name entry element: ಕರ್ನಾಟಕದ ವಿವಿಧ ಪ್ರದೇಶಗಳಲ್ಲಿ ಕಂಡುಬರುವ ವಿಶಿಷ್ಟ ಮತ್ತು ಸಾಮಾನ್ಯ ಪಕ್ಷಿ ಪ್ರಭೇದಗಳ ಪರಿಚಯ
670 ## - SOURCE DATA FOUND
- Source citation: Work cat.: (OSt)93768: AJJAMPURA KRASHNASVAMI ಅಜ್ಜಂಪುರ ಕೃಷ್ಣಸ್ವಾಮಿ 263065, Khagasiri: Karnatakadalli kandubaruva kelavu Pakshijatigalu, 1990